Normal view
MARC view
- CHILDREN'S COOK BOOK-STEP BY STEP FOR .COOKERY
Entry Topical Term
001 - CONTROL NUMBER
- control field: 65383
003 - CONTROL NUMBER IDENTIFIER
- control field: NUST
005 - DATE AND TIME OF LATEST TRANSACTION
- control field: 20210628203427.0
008 - FIXED-LENGTH DATA ELEMENTS
- fixed length control field: 210628|| aca||aabn | a|a d
040 ## - CATALOGING SOURCE
- Original cataloging agency: NUST
- Transcribing agency: NUST
150 ## - HEADING--TOPICAL TERM
- Topical term or geographic name entry element: CHILDREN'S COOK BOOK-STEP BY STEP FOR .COOKERY
670 ## - SOURCE DATA FOUND
- Source citation: Work cat.: (NUST): Wilkes, Angela 65382, The children's step by step cook book, photographic cooking lessons for young chefs, 1997
